| 000 | 01074cam a22003014a 4500 | ||
|---|---|---|---|
| 999 |
_c4366 _d4366 |
||
| 001 | 4366 | ||
| 003 | BD-JhCC | ||
| 005 | 20181026134006.0 | ||
| 008 | 030519s2003 ilu b 000 0 eng | ||
| 020 | _a007141858X | ||
| 035 | _a(BD-JhCC)4366 | ||
| 040 |
_aDLC _cDLC _dDLC |
||
| 041 | _aeng | ||
| 050 | 0 | 0 |
_aHM1166 _b.L68 2003 |
| 082 | 0 | 0 |
_a302.2 _221 _bLOW 2003 |
| 100 | 1 | _aLowndes, Leil. | |
| 245 | 1 | 0 |
_aHow to talk to anyone : _b92 little tricks for big success in relationships / _cLeil Lowndes. |
| 260 |
_aChicago, Ill. : _bContemporary Books, _cc2003. |
||
| 300 |
_axv, 345 p. ; _c21 cm. |
||
| 504 | _aIncludes bibliographical references p. (343-345). | ||
| 650 | 0 | _aInterpersonal communication. | |
| 650 | 0 | _aBody language. | |
| 856 | 4 | 2 |
_3Contributor biographical information _uhttp://www.loc.gov/catdir/bios/mh042/2003011300.html |
| 856 | 4 | 1 |
_3Table of contents _uhttp://www.loc.gov/catdir/toc/ecip044/2003011300.html |
| 856 | 4 | 2 |
_3Publisher description _uhttp://www.loc.gov/catdir/description/mh031/2003011300.html |
| 942 |
_2ddc _cBK _04 |
||